Asian contemporary and modern art. (Record no. 5830)

MARC details
000 -LEADER
fixed length control field 01221cam a22003377a 4500
001 - CONTROL NUMBER
control field 16780212
003 - CONTROL NUMBER IDENTIFIER
control field OSt
005 - DATE AND TIME OF LATEST TRANSACTION
control field 20260429103442.0
008 - FIXED-LENGTH DATA ELEMENTS--GENERAL INFORMATION
fixed length control field 110516s2010 io a c 001 0 eng
010 ## - LIBRARY OF CONGRESS CONTROL NUMBER
LC control number 2010439711
020 ## - INTERNATIONAL STANDARD BOOK NUMBER
International Standard Book Number 9780500238745
035 ## - SYSTEM CONTROL NUMBER
System control number 16780212
040 ## - CATALOGING SOURCE
Original cataloging agency DLC
Transcribing agency Foundation University
042 ## - AUTHENTICATION CODE
Authentication code lcode
050 00 - LIBRARY OF CONGRESS CALL NUMBER
Classification number N 7265
Item number C45 .2010
245 00 - TITLE STATEMENT
Title Asian contemporary and modern art.
246 14 - VARYING FORM OF TITLE
Title proper/short title Asian contemporary & modern art
260 ## - PUBLICATION, DISTRIBUTION, ETC.
Place of publication, distribution, etc. Jakarta, Indonesia :
Name of publisher, distributor, etc. Borobudur Auction,
Date of publication, distribution, etc. [2010]
264 ## - PRODUCTION, PUBLICATION, DISTRIBUTION, MANUFACTURE, AND COPYRIGHT NOTICE
Copyright Date 2010
300 ## - PHYSICAL DESCRIPTION
Extent 208 p. :
Other physical details col. ill. ;
Dimensions 30 cm.
Materials specified books
Type of unit books
336 ## - CONTENT TYPE
Content type term text
Content type code txt
Source rdacontent
Materials specified books
337 ## - MEDIA TYPE
Media type term unmediated
Media type code n
Source rdamedia
Materials specified books
338 ## - CARRIER TYPE
Carrier type term volume
Carrier type code nc
Source rdacarrier
Materials specified books
500 ## - GENERAL NOTE
General note Catalog of painting and sculpture auction, held at Borobudur Building, Jakarta, Aug. 28-29, 2010.
500 ## - GENERAL NOTE
General note Includes index.
710 2# - ADDED ENTRY--CORPORATE NAME
Corporate name or jurisdiction name as entry element Borobudur Auction Pte. Ltd.
9 (RLIN) 15744
906 ## - LOCAL DATA ELEMENT F, LDF (RLIN)
a 7
b cbc
c origode
d 4
e ncip
f 20
g y-gencatlg
942 ## - ADDED ENTRY ELEMENTS (KOHA)
Source of classification or shelving scheme Library of Congress Classification
Koha item type Books
Classification part N 7265
Item part .2010 C45
Call number prefix (DAFA-FA)
Holdings
Withdrawn status Lost status Source of classification or shelving scheme Damaged status Not for loan Collection code Home library Current library Shelving location Date acquired Source of acquisition Total Checkouts Full call number Barcode Date last seen Price effective from Koha item type Accession Number
    Library of Congress Classification     Non-fiction Foundation University Library Foundation University Library DoArchitecture & Fine Arts 04/29/2026 Donations   (DAFA-FA) N 7265 .2010 C45 0192026003342 04/29/2026 04/29/2026 Books DAFA-2026342